000
00319nam a22001457a 4500
008
250422b ||||| |||| 00| 0 eng d
020
_a
0671476858
041
_a
eng
080
_2
1984
_a
556DAV
082
_2
556DAV
_a
556DAV
100
_a
19
101
_a
GEO
245
_a
SUPERFORCE
_c
PAUL DAVIES
942
_2
udc
_c
BK
999
_c
60680
_d
60680